000 00430nam a2200157 i 4500
001 60391
003 ES-MaACL
005 20230906164225.0
007 t|
008 031104s1969 sp ||||1| spa d
100 1 _aEsquer Torres, Ramón.
_947961
245 1 0 _aDidáctica de la literatura /
_cRamón Esquer Torres.
260 _aMadrid :
_bAlcalá,
_c[1969]
300 _a302 p. ;
_c22 cm.
852 _aES-MaACL
_jC-38567
_bR.71792
999 _c60391
_d60391